000 00991nam a2200241 a 4500
001 BRCA_4200
005 20190320204601.0
008 010610s1987----gw-a######---#000-0#spa-#
041 _aspa
044 _agw
050 4 _aZ1212
_b.P57 1987
100 1 _aPiper, Wulf
_910831
245 1 0 _aEntre Colón y Bolívar
_cWulf Piper ; traducido por Bersi Hernández de Küper.
260 _aAlemania
_bBiblioteca Duque Augusto de Wolfenbütel
_c1987
300 _a110 p.
_bil. (algunas a color), mapas
_c26 cm.
500 _aExposición de la Biblioteca Duque Augusto de Wolfenbütel a pedido de la Sociedad Simón Bolívar de Hannover
500 _aCatálogo de la exposición no. 48 de la biblioteca Duque Augusto
651 4 _aAmérica Latina
_vBibliografía
_910832
651 4 _aAmérica Latina
_vExposiciones
_xDescubrimiento y exploración
_910833
651 4 _aAmérica Latina
_vExposiciones
_xDescripción y viajes
_910834
700 1 _aHernández de Küper, Bersi
_910835
942 _2lcc
_cB
999 _c3915
_d3915